000 00262nam a2200109 4500
008 160704b xxu||||| |||| 00| 0 eng d
100 _91965
_a Ryder, J
245 _aWaly Disney: Bambi
260 _aN.D
_b UBS
300 _aWaly Disney: Bambi
942 _2ddc
_cBK
999 _c1666
_d1666